000 00585nam a2200181Ia 4500
008 151018s9999 xx 000 0 und d
082 _bRBASDV60702
_a891.463
100 _aप्रतिभा साठम
245 _aचंद्रमुखी
250 _b1
260 _b"मित्र समाज प्रकाशन, गोवा"
_c2011
300 _a224
600 _aप्रतिभा साठम
630 _aचंद्रमुखी
700 _aप्रतिभा साठम
730 _aचंद्रमुखी
942 _cBOOK
999 _c1054205
_d1054202